000 00690nam a2200181Ia 4500
008 090630s9999 xx 000 0 und d
082 _b21874
100 _aसहस्त्रबुध्दे रमेश.
245 _aवीज आली घरात.
_cसहस्त्रबुध्दे रमेश.
260 _bदिलीपराज- पुणे.
_c2002
300 _a0
600 _aसहस्त्रबुध्दे रमेश.
630 _aवीज आली घरात.
655 _aबालवाङमय.
700 _aसहस्त्रबुध्दे रमेश.
730 _aवीज आली घरात.
942 _cBOOK
999 _c273730
_d273730